| 000 -LEADER |
| fixed length control field |
01415cam a22002297a 4500 |
| 020 ## - INTERNATIONAL STANDARD BOOK NUMBER |
| ISBN |
9781845696764 (Woodhead Pub.) |
| 020 ## - INTERNATIONAL STANDARD BOOK NUMBER |
| ISBN |
184569676X (Woodhead Pub.) |
| 020 ## - INTERNATIONAL STANDARD BOOK NUMBER |
| ISBN |
9781439824849 (CRC Press) |
| 020 ## - INTERNATIONAL STANDARD BOOK NUMBER |
| ISBN |
1439824843 (CRC Press) |
| 020 ## - INTERNATIONAL STANDARD BOOK NUMBER |
| ISBN |
9789251061800 (FAO) |
| 020 ## - INTERNATIONAL STANDARD BOOK NUMBER |
| ISBN |
9251061807 (FAO) |
| 040 ## - CATALOGING SOURCE |
| Transcribing agency |
BTCTA |
| 082 00 - DEWEY DECIMAL CLASSIFICATION NUMBER |
| Classification number |
664 FOO 2010 A037 Or. |
| 245 00 - TITLE STATEMENT |
| Title |
Innovations in food labelling / |
| 260 ## - PUBLICATION, DISTRIBUTION, ETC. (IMPRINT) |
| Place of publication |
Rome : |
| Name of publisher |
Food and Agriculture Organization of the United Nations ; |
| Place of publication |
Cambridge, UK : |
| Name of publisher |
Woodhead Pub. ; |
| Place of publication |
Boca Raton, FL : |
| Name of publisher |
CRC Press, |
| Year of publication |
2010. |
| 300 ## - PHYSICAL DESCRIPTION |
| Number of Pages |
x, 174 p. : |
| Other physical details |
ill. ; |
| Dimensions |
24 cm. |
| 490 1# - SERIES STATEMENT |
| Series statement |
Woodhead Publishing in food science, technology, and nutrition |
| 520 1# - SUMMARY, ETC. |
| Summary, etc |
"Innovations in Food Labelling provides information about the principles and requirements of food labelling and reviews the latest trends in this area. Following an introduction on the evolution of food labelling, further chapters cover the Codex Alimentarius and food labelling, international trade agreements, nutrition labelling, allergies and food labels and environmental and social labels, among other topics. The book is a reference for food regulatory agencies, food law experts and professionals in the food industry responsible for labelling as well as consumer and environmental associations with an interest in labelling."--BOOK JACKET. |
| 650 #0 - SUBJECT ADDED ENTRY--TOPICAL TERM |
| Topical Term |
Food |
| 700 1# - ADDED ENTRY--PERSONAL NAME |
| Personal name |
Albert, Janice. |
| 942 ## - ADDED ENTRY ELEMENTS (KOHA) |
| Koha item type |
សៀវភៅភាសាអង់គ្លេស |
| 952 ## - LOCATION AND ITEM INFORMATION (KOHA) |
| Withdrawn status [LOCAL, KOHA] |
0 |